000 00633nam a2200229Ia 4500
005 20260429112015.0
008 260429s9999||||xx |||||||||||||| ||und||
020 _a9781032189703
041 _aEnglish
082 _a378.198
_bBUR
100 _aBurke, Penny Jane
245 0 _aEquity in higher education :
_btime for social justice praxis /
_cPenny Jane Burke
250 _a1st ed.
260 _aNew Delhi :
_bRoutledge,
_c2025.
300 _axii, 210 p.; pbk
650 _a Educational equity
650 _a Inclusion
650 _a Social justice
650 _aHigher education
700 _a Lumb, Matt
942 _cTB
999 _c51856
_d51856